|
|
|
|
| LEADER |
00000cam a2200000 a 4500 |
| 001 |
vtls011629286 |
| 003 |
SK-MaSNL |
| 005 |
20260301221643.0 |
| 008 |
240318s2017 xo g f 001 0 slo |
| 015 |
|
|
|a SNBA2017/10
|
| 020 |
|
|
|a 9788081114465
|q (viaz.)
|z 978808114465
|
| 035 |
|
|
|a urn:nbn:sk:snk-am00e0h3
|
| 035 |
|
|
|a urn:nbn:sk:snk-am3iajc
|
| 035 |
|
|
|a 24048000-207B-49DD-90B5-3F116FC3A826
|
| 040 |
|
|
|a SNK
|b slo
|c SNK
|e AACR2
|
| 041 |
1 |
|
|a slo
|h cze
|
| 044 |
|
|
|a xo
|c SK
|
| 072 |
|
7 |
|a 615.8
|x Fyzioterapia. Psychoterapia. Alternatívna medicína
|2 konspekt
|
| 080 |
|
|
|a 577.18:547.9
|2 2011
|
| 080 |
|
|
|a 616
|2 2011
|
| 080 |
|
|
|a 633.88
|2 2011
|
| 080 |
|
|
|a 615.89:633.88
|2 2011
|
| 080 |
|
|
|a (035)
|2 2011
|
| 080 |
|
|
|a 615.33
|2 2011
|
| 100 |
1 |
|
|a Jonáš, Josef,
|d 1945-2025
|4 aut
|9 260267
|
| 240 |
1 |
0 |
|a Svět přírodních antibiotik
|l Slovensky
|
| 245 |
1 |
0 |
|a Svet prírodných antibiotík
|b tajné zbrane rastlín : 77 prírodných zdrojov na prevenciu i liečbu vírusových, bakteriálnych a plesňových infekcií
|c Josef Jonáš, Jiří Kuchař ; [z českého originálu preložila Mária Stanková]
|
| 246 |
3 |
0 |
|a Tajné zbrane rastlín
|
| 246 |
3 |
0 |
|a 77 prírodných zdrojov na prevenciu i liečbu vírusových, bakteriálnych a plesňových infekcií
|
| 250 |
|
|
|a 1. vyd.
|
| 260 |
|
|
|a Bratislava
|b Noxi
|c 2017
|
| 300 |
|
|
|a 384 s.
|c 21 cm
|
| 500 |
|
|
|a Chybné ISBN na rube tit. listu
|
| 504 |
|
|
|a Bibliogr.: s. 353-356 ; registre
|
| 650 |
0 |
7 |
|a fytoncídy
|2 SNKPH
|9 113187
|
| 650 |
0 |
7 |
|a antibiotiká
|2 SNKPH
|9 2424
|
| 650 |
0 |
7 |
|a liečivé rastliny
|2 SNKPH
|9 3510
|
| 650 |
0 |
7 |
|a fytoterapia
|2 SNKPH
|9 1147
|
| 650 |
0 |
7 |
|a Phytoncides
|2 SNKPHeng
|9 610271
|
| 650 |
0 |
7 |
|a Antibiotics
|2 SNKPHeng
|9 317716
|
| 650 |
0 |
7 |
|a Medicinal plants
|2 SNKPHeng
|9 276162
|
| 650 |
0 |
7 |
|a Phytotherapy
|2 SNKPHeng
|9 276161
|
| 655 |
|
7 |
|a príručky
|2 SNKPH
|9 74364
|
| 655 |
|
7 |
|a Handbooks, manuals, etc.
|2 SNK
|9 90964
|
| 700 |
1 |
|
|a Kuchař, Jiří,
|d 1960-
|4 aut
|9 411649
|
| 700 |
1 |
|
|a Stanková, Mária,
|d 1989-
|4 trl
|9 111314
|
| 852 |
|
|
|a Štátna vedecká knižnica v Banskej Bystrici
|
| 919 |
|
|
|a 978-80-8111-446-5
|
| 958 |
|
|
|a MI
|
| 958 |
|
|
|a NB
|
| 958 |
|
|
|a OP
|
| 968 |
|
|
|b ČES
|
| 999 |
|
|
|c 936829
|d 938759
|
| 952 |
|
|
|a SNK
|b SNK
|y PREZ
|7 0
|p 17A1273413
|o snkSC 176482
|i snk2017/22249
|8 0
|0 0
|1 0
|4 0
|d 2017-10-12
|f 1
|l 0
|r 2025-09-18 00:00:00
|w 2026-02-24
|
| 952 |
|
|
|a SNK
|b SNK
|y VYP
|7 0
|p 17A1273414
|o snkSC 176482 D1
|i snk2017/22250
|8 0
|0 0
|1 0
|4 0
|d 2017-10-12
|l 0
|r 2026-02-24 09:06:38
|w 2026-02-24
|